पत्रकारिता एवं राष्ट्रीय चेतना का विकास / (Record no. 61942)

MARC details
000 -LEADER
fixed length control field 00835nam a22001817a 4500
005 - DATE AND TIME OF LATEST TRANSACTION
control field 2012020406456.0
020 ## - INTERNATIONAL STANDARD BOOK NUMBER
Terms of availability 150.00
International Standard Book Number 8185957177
035 ## - SYSTEM CONTROL NUMBER
System control number B-63550
037 ## - SOURCE OF ACQUISITION
Source of stock number/acquisition
Stock number dpl
082 ## - DEWEY DECIMAL CLASSIFICATION NUMBER
Classification number 070.4
100 ## - MAIN ENTRY--PERSONAL NAME
Personal name तिवारी, अर्जुन
245 1# - TITLE STATEMENT
Title पत्रकारिता एवं राष्ट्रीय चेतना का विकास /
Statement of responsibility, etc अर्जुन तिवारी
260 ## - PUBLICATION, DISTRIBUTION, ETC. (IMPRINT)
Place of publication, distribution, etc इलाहाबाद
Name of publisher, distributor, etc जयभारती प्रकाशन
Date of publication, distribution, etc 2000
270 ## - ADDRESS
Address
City
Postal code
Telephone number
300 ## - PHYSICAL DESCRIPTION
Extent 187पृ.
Dimensions 22सेमी (सजिल्द)
942 ## - ADDED ENTRY ELEMENTS (KOHA)
Institution code [OBSOLETE] dpl
Item type Hindi Books
Call number prefix
Source of classification or shelving scheme Dewey Decimal Classification
Classification part 070.4
Call number suffix तिवारी
Holdings
Withdrawn status Lost status Not for loan Collection code Home library Current library Date acquired Cost, normal purchase price Full call number Barcode Cost, replacement price Koha item type
      Non-fiction Sarojini Nagar Sarojini Nagar 04/02/2012 150.00 070.4 तिवारी B-63550 150.00 Hindi Books

© Delhi Public Library
Hit Counter
free hit counter